Wszyscy papieże XX-XXI w. - Statystyki

Ogólne statystyki
  • Ten quiz został rozwiązany 183 razy
    140 od ostatniego zresetowania
  • Średni wynik to 11 z 12
Statystyki odpowiedzi
Pontyfikat Kraj pochodzenia Dewiza Papież % Poprawnych
1978 Włochy Humilitas Jan Paweł I
100%
2013-2025 Argentyna Miserando atque eligendo Franciszek
98%
1978-2005 Polska Totus Tuus Jan Paweł II
98%
2025-obecnie Stany Zjednoczone In illo uno unum Leon XIV
97%
1914-1922 Włochy In Te, Domine, speravi; non confundar in aeternum Benedykt XV
96%
2005-2013 Niemcy Cooperatores Veritatis Benedykt XVI
96%
1903-1914 Włochy Omnia instaurare in Christo Pius X
88%
1922-1939 Włochy Pax Christi in regno Christi Pius XI
87%
1878-1903 Włochy Lumen in Cœlo Leon XIII
86%
1939-1958 Włochy Opus iustitiae pax Pius XII
86%
1958-1963 Włochy Obedientia et pax Jan XXIII
82%
1963-1978 Włochy In nomine Domini Paweł VI
80%
Nie znaleziono quizów pasujących do podanych kryteriów
Rozkład punktacji
Procent ludzi z każdym wynikiem
Percentyl według liczby udzielonych odpowiedzi
Twoja historia wyników
Nie rozwiązałeś tego quizu od ostatniego zresetowania